Operas by arias' names III - Statistics

General Stats
  • This quiz has been taken 15 times
  • The average score is 11 of 26
Answer Stats
Hint Answer % Correct
Un bel dì vedremo Madama Butterfly
92%
Summertime Porgy and Bess
83%
Salut, demeure chaste et pure Faust
75%
Mild und Leise (Liebestod) Tristan und Isolde
75%
Cortigiani, vil razza dannata Rigoletto
67%
Eri tu che macchiavi Un ballo in maschera
67%
In diesen heil'gen Hallen Die Zauberflöte
58%
Lascia ch'io pianga Rinaldo
58%
Da geh' ich ins Maxim Die lustige Witwe
50%
Dôme épais le jasmin Lakmé
50%
Les oiseaux dans la charmille Les contes d'Hoffmann
50%
Lásd ez az én birodalmam Á Kékszakállú herceg vára
42%
Glück, das mir verblieb Die tote Stadt
42%
Amor ti vieta Fedora
42%
Ah, il più lieto, il più felice Il barbiere di Siviglia
42%
Ô paradis L'Africaine
33%
Pur ti miro, pur ti godo L'incoronazione di Poppea
33%
Languir per una bella L'italiana in Algeri
33%
I am the very model of a modern Major-General The pirates of Penzance
33%
La mia letizia infondere I Lombardi alla prima crociata
25%
Sur les mont les plus sauvages Benvenuto Cellini
17%
Studenti, udite Germania
17%
Son queste le speranze Axur, re d'Ormus
8%
Sì lo sento, Iddio mi chiama I due Foscari
8%
Morta al mondo, morta al trono Maria Stuarda
8%
Cara, non dubitar Il matrimonio segreto
0%
No matching quizzes found
Score Distribution
Percent of People with Each Score
Percentile by Number Answered
Your Score History
You have not taken this quiz